01075nam a2200277 a 4500001001200000003000800012006001900020007001500039008004100054010001700095020003800112040002100150035002100171050003000192082001600222100003100238245008500269260006100354300001000415533015200425600003100577655002900608710001700637856012600654999001700780ebr10285380CaPaEBRm u cr cn|||||||||061221s2007 lau s s000 0deng d z 2006102803 z9780807132586 (pbk. : alk. paper) aCaPaEBRcCaPaEBR a(OCoLC)64680705114aPS3563.E74536bB64 2007eb04a811/.542221 aMerritt, Constance,d1966-10aBlessings and inclemenciesh[electronic resource] :bpoems /cConstance Merritt. aBaton Rouge :bLouisiana State University Press,cc2007. a70 p. aElectronic reproduction.bPalo Alto, Calif. :cebrary,d2013.nAvailable via World Wide Web.nAccess may be limited to ebrary affiliated libraries.10aMerritt, Constance,d1966- 7aElectronic books.2local2 aebrary, Inc.40uhttp://site.ebrary.com/lib/rucke/Doc?id=10285380zAn electronic book accessible through the World Wide Web; click to view c16903d16903